000 00448nam a2200181Ia 4500
003 OSt
005 20250814121615.0
008 250729s2005 xx 000 0 und d
040 _cAL
041 _aeng
082 _a370.15 KUNE
100 _aJagmohan
_9221300
245 _aSoul and structure of governancr in india
260 _aNew Delhi
_bSterling Publication
_c2005
300 _a616p
650 _aPsychology
_9221301
942 _2ddc
_cBED
999 _c234946
_d234946